[Event "Gipuzkoa-ch A"]
[Site "Azpeitia"]
[Date "2019.11.02"]
[Round "3"]
[White "Cantabrana Garona, Alejandro"]
[Black "Ruiz Egana, Xabier"]
[Result "1-0"]
[WhiteElo "1757"]
[BlackElo "1706"]
[PlyCount "85"]
[EventDate "2019.10.19"]
[EventType "swiss"]
[EventRounds "7"]
[EventCountry "ESP"]
[SourceTitle "EXT 2024"]
[Source "ChessBase"]
[SourceDate "2023.10.10"]
[SourceVersion "1"]
[SourceVersionDate "2023.10.10"]
[SourceQuality "1"]

1. c4 e5 2. g3 Nf6 3. Bg2 d5 4. cxd5 Nxd5 5. Nc3 Nb6 6. d3 Nc6 7. Nf3 Be7 8. 0-0 0-0 9. a3 a5 10. b3 f5 11. Nd2 Bf6 12. Bb2 Be6 13. Nc4 Nd5 14. Nb5 Qd7 15. Qc2 Nce7 16. Nc3 Ng6 17. Nxd5 Bxd5 18. e4 Bc6 19. Bc3 b6 20. Rad1 Qe8 21. exf5 Bxg2 22. Kxg2 Nh8 23. Rfe1 Nf7 24. d4 Qc6+ 25. d5 Qb7 26. Nxe5 Bxe5 27. Bxe5 Nd6 28. g4 Rf7 29. Qc6 Qc8 30. Bxd6 cxd6 31. Qxd6 Raa7 32. Qe6 Qd8 33. Qe8+ Rf8 34. Qxd8 Rxd8 35. d6 Rad7 36. Re6 Kf7 37. Kg3 Rc8 38. Rde1 Rcd8 39. Re7+ Kf8 40. Rxd7 Rxd7 41. Re6 Kf7 42. Kf4 g5+ 43. Kxg5 1-0

[Event "Gipuzkoa-ch"]
[Site "Azpeitia"]
[Date "2017.10.21"]
[Round "2"]
[White "Cantabrana Garona, Alejandro"]
[Black "Sanchez Ruesga, Carlos"]
[Result "1/2-1/2"]
[WhiteElo "1734"]
[BlackElo "1928"]
[PlyCount "83"]
[EventDate "2017.10.14"]
[EventType "swiss"]
[EventRounds "7"]
[EventCountry "ESP"]
[SourceTitle "EXT 2019"]
[Source "ChessBase"]
[SourceDate "2018.10.10"]
[SourceVersion "1"]
[SourceVersionDate "2018.10.10"]
[SourceQuality "1"]

1. c4 f5 2. d4 Nf6 3. g3 g6 4. Bg2 Bg7 5. Nc3 0-0 6. Nh3 d6 7. 0-0 c6 8. d5 e5 9. e4 fxe4 10. Ng5 c5 11. Ne6 Bxe6 12. dxe6 Qe7 13. Nxe4 Nxe4 14. Bxe4 Nc6 15. Qg4 Nd4 16. f4 Kh8 17. h4 Qxe6 18. Qxe6 Nxe6 19. Bxb7 Rab8 20. Bd5 Nd4 21. Rf2 Nf5 22. Kh2 exf4 23. Bxf4 Bxb2 24. Raf1 Bd4 25. Rf3 Rfe8 26. Kh3 Be5 27. Bg5 Rb2 28. h5 Rxa2 29. hxg6 hxg6 30. Bf7 Rb8 31. Bxg6 Nd4 32. Rf7 Ra3 33. Bf4 Bxf4 34. R1xf4 Rbb3 35. Rh4+ Kg8 36. Rg4 Rb8 37. Bh5+ Kh8 38. Rf6 Kh7 39. Bg6+ Kg7 40. Rf7+ Kg8 41. Bh5+ Kh8 42. Rf6 1/2-1/2

[Event "Gipuzkoa-ch"]
[Site "Azpeitia"]
[Date "2017.10.14"]
[Round "1"]
[White "Juez Villar, Erik"]
[Black "Cantabrana Garona, Alejandro"]
[Result "1-0"]
[WhiteElo "1985"]
[BlackElo "1734"]
[PlyCount "51"]
[EventDate "2017.10.14"]
[EventType "swiss"]
[EventRounds "7"]
[EventCountry "ESP"]
[SourceTitle "EXT 2019"]
[Source "ChessBase"]
[SourceDate "2018.10.10"]
[SourceVersion "1"]
[SourceVersionDate "2018.10.10"]
[SourceQuality "1"]

1. e4 g6 2. d4 d6 3. Nc3 Bg7 4. g3 Nf6 5. Bg2 0-0 6. Nge2 e5 7. h3 c6 8. a4 a5 9. 0-0 Na6 10. Be3 Qc7 11. Qd2 Be6 12. Kh2 Ne8 13. f4 f5 14. d5 Bd7 15. exf5 gxf5 16. fxe5 dxe5 17. Rad1 Rf6 18. dxc6 Bxc6 19. Nb5 Qe7 20. Bg5 Nc5 21. Bxf6 Bxf6 22. Rxf5 Rd8 23. Qxd8 Qxd8 24. Rxd8 Bxd8 25. Bxc6 bxc6 26. Rxe5 1-0

[Event "Donostia Spring op 10th"]
[Site "Donostia"]
[Date "2014.06.07"]
[Round "5.12"]
[White "Markina Amutxastegi, Fernando"]
[Black "Cantabrana Garona, Alejandro"]
[Result "0-1"]
[WhiteElo "1786"]
[BlackElo "1789"]
[PlyCount "68"]
[EventDate "2014.05.10"]
[EventType "swiss"]
[EventRounds "7"]
[EventCountry "ESP"]
[SourceTitle "EXT 2024"]
[Source "ChessBase"]
[SourceDate "2023.10.10"]
[SourceVersion "1"]
[SourceVersionDate "2023.10.10"]
[SourceQuality "1"]

1. e4 g6 2. d4 d6 3. Nc3 Bg7 4. f4 a6 5. h3 e5 6. Nf3 exd4 7. Ne2 c5 8. g4 Nf6 9. Ng3 d5 10. exd5 0-0 11. Kf2 Nxd5 12. Bd3 b5 13. Re1 Qb6 14. Kg2 Bb7 15. Kh2 c4 16. Be4 Nd7 17. Ne2 d3 18. cxd3 Qf2+ 19. Kh1 cxd3 20. Neg1 N7f6 21. Bxd3 Rfe8 22. Bd2 Rad8 23. Re2 Rxe2 24. Qxe2 Qg3 25. f5 Nf4 26. Bxf4 Qxf4 27. Rd1 Re8 28. Qf2 Nd5 29. fxg6 hxg6 30. b3 Ne3 31. Re1 Bd4 32. Qh2 Bxf3+ 33. Nxf3 Qxf3+ 34. Kg1 Ng2+ 0-1

[Event "Donostia Spring op 09th"]
[Site "Donostia"]
[Date "2013.06.01"]
[Round "8"]
[White "Cantabrana Garona, Alejandro"]
[Black "Rodriguez Cabrera, Francisco Javier"]
[Result "0-1"]
[WhiteElo "1793"]
[BlackElo "1924"]
[PlyCount "61"]
[EventDate "2013.04.19"]
[EventType "swiss"]
[EventRounds "8"]
[EventCountry "ESP"]
[SourceTitle "EXT 2024"]
[Source "ChessBase"]
[SourceDate "2023.10.10"]
[SourceVersion "1"]
[SourceVersionDate "2023.10.10"]
[SourceQuality "1"]

1. d4 f5 2. g3 Nf6 3. Bg5 Ne4 4. Bc1 c5 5. d5 Qb6 6. Nf3 d6 7. Nbd2 e5 8. Nxe4 fxe4 9. Ng5 Bf5 10. Bg2 Be7 11. Bxe4 Bh3 12. Nxh3 Qb4+ 13. c3 Qxe4 14. 0-0 Qf5 15. Kg2 Nd7 16. f3 g5 17. e4 Qg6 18. Nf2 h5 19. Be3 Nf6 20. Qa4+ Kf7 21. Rh1 g4 22. f4 b5 23. Qc2 Nxd5 24. Bd2 Nc7 25. fxe5 dxe5 26. Rae1 h4 27. Rhf1 Kg7 28. Qd1 hxg3 29. hxg3 Raf8 30. Nxg4 Rf2+ 31. Nxf2 0-1

[Event "Donostia Spring op 09th"]
[Site "Donostia"]
[Date "2013.05.04"]
[Round "4"]
[White "Elizondo Marquet, Juan Marcos"]
[Black "Cantabrana Garona, Alejandro"]
[Result "1-0"]
[WhiteElo "1871"]
[BlackElo "1793"]
[PlyCount "37"]
[EventDate "2013.04.19"]
[EventType "swiss"]
[EventRounds "8"]
[EventCountry "ESP"]
[SourceTitle "EXT 2024"]
[Source "ChessBase"]
[SourceDate "2023.10.10"]
[SourceVersion "1"]
[SourceVersionDate "2023.10.10"]
[SourceQuality "1"]

1. e4 g6 2. d4 Bg7 3. Nf3 d6 4. h3 c5 5. Nc3 cxd4 6. Nxd4 Nc6 7. Be3 Bd7 8. Bc4 Nf6 9. 0-0 Nxd4 10. Bxd4 Qc7 11. Bb3 e5 12. Be3 b5 13. Nd5 Nxd5 14. Qxd5 Bc6 15. Qd3 Rd8 16. Rfd1 f5 17. exf5 e4 18. Qe2 gxf5 19. Qh5+ 1-0

[Event "San Sebastian Primavera de Gros op 8th"]
[Site "San Sebastian"]
[Date "2012.05.19"]
[Round "5"]
[White "Abalia Patino, Aritz"]
[Black "Cantabrana Garona, Alejandro"]
[Result "1-0"]
[WhiteElo "1599"]
[BlackElo "1820"]
[PlyCount "61"]
[EventDate "2012.04.21"]
[EventType "swiss"]
[EventRounds "7"]
[EventCountry "ESP"]
[SourceTitle "EXT 2014"]
[Source "ChessBase"]
[SourceDate "2013.11.20"]
[SourceVersion "1"]
[SourceVersionDate "2013.11.20"]
[SourceQuality "1"]

1. e4 g6 2. d4 Bg7 3. c4 d6 4. Nc3 Nf6 5. Nf3 0-0 6. Be3 Ng4 7. Bg5 f6 8. Bh4 c6 9. Qc2 a5 10. Rd1 Qc7 11. Bd3 e5 12. d5 Na6 13. h3 Nh6 14. g4 Nf7 15. a3 Nc5 16. Na4 Nxd3+ 17. Qxd3 Bd7 18. c5 cxd5 19. Nb6 dxe4 20. Nxa8 Rxa8 21. Qxe4 Bc6 22. Qe3 d5 23. 0-0 d4 24. Qb3 a4 25. Qd3 e4 26. Qxd4 exf3 27. Bxf6 Ng5 28. Qc4+ Kf8 29. Bxg5 Be5 30. Bh6+ Ke7 31. Rfe1 1-0

[Event "San Sebastian Primavera de Gros op 8th"]
[Site "San Sebastian"]
[Date "2012.05.05"]
[Round "3"]
[White "Fuente San Sebastian, Ernesto"]
[Black "Cantabrana Garona, Alejandro"]
[Result "1/2-1/2"]
[WhiteElo "1906"]
[BlackElo "1820"]
[PlyCount "111"]
[EventDate "2012.04.21"]
[EventType "swiss"]
[EventRounds "7"]
[EventCountry "ESP"]
[SourceTitle "EXT 2014"]
[Source "ChessBase"]
[SourceDate "2013.11.20"]
[SourceVersion "1"]
[SourceVersionDate "2013.11.20"]
[SourceQuality "1"]

1. e4 g6 2. d4 Bg7 3. Nc3 d6 4. Be2 a6 5. Be3 b5 6. Bf3 Bb7 7. Nh3 Nd7 8. Nf4 e6 9. Nd3 e5 10. d5 Ne7 11. a4 bxa4 12. Nxa4 f5 13. Bg5 Nf6 14. exf5 Nxf5 15. 0-0 0-0 16. c4 Qe8 17. Nc3 Bc8 18. Ne4 Nxe4 19. Bxe4 Nd4 20. Be3 Nf5 21. Bd2 Bd7 22. b4 c6 23. Ra5 Ne7 24. Bg5 Bf6 25. Bh6 Rf7 26. dxc6 Bxc6 27. f3 Bxe4 28. fxe4 Nc6 29. Rd5 Be7 30. Be3 Qf8 31. Rxf7 Qxf7 32. Qf1 Qg7 33. Qa1 Rf8 34. Qxa6 Qf7 35. Qa1 Qf6 36. b5 Na5 37. c5 Nb3 38. Qd1 Nxc5 39. Nxc5 dxc5 40. h3 Rc8 41. Qb3 c4 42. Qc3 Qf8 43. Qxe5 Bf6 44. Qe6+ Kh8 45. Bh6 Bg7 46. Bxg7+ Kxg7 47. Qe5+ Kg8 48. Qe6+ Kg7 49. Rd7+ Kh6 50. Qf7 Qxf7 51. Rxf7 c3 52. Rf1 Kg5 53. e5 c2 54. Rc1 Kf5 55. Kf2 Kxe5 56. Ke3 1/2-1/2

[Event "San Sebastian op 33rd"]
[Site "San Sebastian"]
[Date "2010.04.04"]
[Round "9"]
[White "Zaballa Zarzosa, Jon"]
[Black "Cantabrana Garona, Alejandro"]
[Result "1-0"]
[WhiteElo "1872"]
[BlackElo "1780"]
[PlyCount "59"]
[EventDate "2010.03.28"]
[EventType "swiss"]
[EventRounds "9"]
[EventCountry "ESP"]
[SourceTitle "CBM 135 Extra"]
[Source "ChessBase"]
[SourceDate "2010.05.04"]
[SourceVersion "1"]
[SourceVersionDate "2010.05.04"]
[SourceQuality "1"]

1. e4 c5 2. Nf3 e6 3. d4 cxd4 4. Nxd4 a6 5. Nc3 Qc7 6. Be2 Nf6 7. 0-0 Be7 8. Be3 b5 9. a3 Bb7 10. Qd3 0-0 11. f4 d6 12. Bf3 Nbd7 13. Nb3 Rad8 14. Bd4 Nc5 15. Qe2 Nfd7 16. f5 Bf6 17. fxe6 fxe6 18. Bg4 Rde8 19. Rad1 Nxb3 20. Bxf6 Nxf6 21. cxb3 Nxg4 22. Qxg4 Qc5+ 23. Kh1 Rf2 24. b4 Qe3 25. h4 Rxb2 26. Rf3 Qb6 27. Rdf1 d5 28. Rf7 g6 29. exd5 exd5 30. Qd7 1-0

[Event "San Sebastian op 33rd"]
[Site "San Sebastian"]
[Date "2010.04.03"]
[Round "8"]
[White "Cantabrana Garona, Alejandro"]
[Black "Kopischke, Maik"]
[Result "1/2-1/2"]
[WhiteElo "1780"]
[BlackElo "1911"]
[PlyCount "82"]
[EventDate "2010.03.28"]
[EventType "swiss"]
[EventRounds "9"]
[EventCountry "ESP"]
[SourceTitle "CBM 135 Extra"]
[Source "ChessBase"]
[SourceDate "2010.05.04"]
[SourceVersion "1"]
[SourceVersionDate "2010.05.04"]
[SourceQuality "1"]

1. d4 Nf6 2. Nd2 d5 3. Ngf3 Bf5 4. e3 e6 5. c4 c6 6. Be2 Nbd7 7. b3 h6 8. Bb2 Bd6 9. Ne5 Ne4 10. 0-0 0-0 11. Nxd7 Qxd7 12. f4 Qe7 13. Nf3 a5 14. a3 Rfe8 15. Qe1 Nf6 16. Ne5 Bxe5 17. dxe5 Ne4 18. g4 Bh7 19. a4 c5 20. cxd5 exd5 21. Rd1 Red8 22. Bd3 b6 23. f5 Qg5 24. Rf4 Rac8 25. h4 Qe7 26. Bxe4 dxe4 27. Rxd8+ Qxd8 28. Qg3 Qd1+ 29. Kh2 Rd8 30. e6 Rd2+ 31. Rf2 Rxf2+ 32. Qxf2 Qd6+ 33. Qg3 Qxg3+ 34. Kxg3 fxe6 35. fxe6 Kf8 36. Kf4 Ke7 37. Bxg7 Bg8 38. Bxh6 Bxe6 39. Bg7 Bxb3 40. Kxe4 Bxa4 41. h5 Bc6+ 1/2-1/2

[Event "San Sebastian Nagusia op"]
[Site "San Sebastian"]
[Date "2008.11.29"]
[Round "6"]
[White "Cantabrana Garona, Alejandro"]
[Black "Juez Villar, Erik"]
[Result "0-1"]
[WhiteElo "1834"]
[BlackElo "1960"]
[PlyCount "68"]
[EventDate "2008.10.25"]
[EventType "swiss"]
[EventRounds "7"]
[EventCountry "ESP"]
[SourceTitle "EXT 2011"]
[Source "ChessBase"]
[SourceDate "2010.11.26"]
[SourceVersion "1"]
[SourceVersionDate "2010.11.26"]
[SourceQuality "1"]

1. d4 Nf6 2. Nf3 c5 3. e3 cxd4 4. exd4 d5 5. Bd3 Nc6 6. c3 Bg4 7. Nbd2 e6 8. h3 Bh5 9. 0-0 Be7 10. Re1 0-0 11. Nf1 Bg6 12. Ne5 Bxd3 13. Qxd3 Nxe5 14. dxe5 Ne4 15. Ng3 Nxg3 16. Qxg3 f5 17. Re2 Kh8 18. f4 Rc8 19. Be3 Rc4 20. Bd4 g5 21. Rf1 Rg8 22. Qd3 b6 23. b3 Rc7 24. b4 g4 25. hxg4 Rxg4 26. Rf3 Bh4 27. g3 Rcg7 28. Rg2 Qe8 29. Bf2 Qa4 30. Qd2 Qc6 31. Qd3 b5 32. Rh2 d4 33. Kf1 dxc3 34. gxh4 c2 0-1

[Event "San Sebastian op 18th"]
[Site "San Sebastian"]
[Date "2008.09.25"]
[Round "7"]
[White "Cantabrana Garona, Alejandro"]
[Black "Lakunza Oyarbide, Juan Carlos"]
[Result "0-1"]
[WhiteElo "1824"]
[BlackElo "2122"]
[PlyCount "58"]
[EventDate "2008.09.20"]
[EventType "swiss"]
[EventRounds "9"]
[EventCountry "ESP"]
[SourceTitle "CBM 126 Extra"]
[Source "ChessBase"]
[SourceDate "2008.11.05"]
[SourceVersion "1"]
[SourceVersionDate "2008.11.05"]
[SourceQuality "1"]

1. d4 Nf6 2. Nf3 d5 3. e3 Bg4 4. c4 e6 5. Nbd2 Nbd7 6. Be2 c6 7. b3 Bd6 8. Bb2 0-0 9. Ne5 Bxe2 10. Qxe2 Ne4 11. Nxe4 dxe4 12. 0-0 Bxe5 13. dxe5 Qg5 14. f4 exf3 15. Rxf3 Rad8 16. Rg3 Qh4 17. Rf1 Rfe8 18. Rf4 Qe7 19. Qh5 g6 20. h4 Nf8 21. Qf3 Rd2 22. Ba3 Qxa3 23. Rxf7 Rd7 24. Rxd7 Nxd7 25. h5 Nf8 26. hxg6 hxg6 27. Qf6 Qe7 28. Rxg6+ Nxg6 29. Qxg6+ Kf8 0-1

[Event "San Sebastian op 18th"]
[Site "San Sebastian"]
[Date "2008.09.23"]
[Round "5"]
[White "Cantabrana Garona, Alejandro"]
[Black "Sebastiani Paoli, Ruben"]
[Result "1-0"]
[WhiteElo "1824"]
[BlackElo "1544"]
[PlyCount "69"]
[EventDate "2008.09.20"]
[EventType "swiss"]
[EventRounds "9"]
[EventCountry "ESP"]
[SourceTitle "CBM 126 Extra"]
[Source "ChessBase"]
[SourceDate "2008.11.05"]
[SourceVersion "1"]
[SourceVersionDate "2008.11.05"]
[SourceQuality "1"]

1. g3 d5 2. Bg2 Nf6 3. c4 c6 4. Nf3 g6 5. b3 Bg7 6. Bb2 0-0 7. 0-0 Bg4 8. d4 Nbd7 9. Nbd2 a6 10. h3 Bxf3 11. Nxf3 e6 12. Nd2 Nh5 13. e3 f5 14. Nf3 Qe8 15. cxd5 cxd5 16. Ba3 Rf7 17. Ng5 Rc8 18. Rc1 Rxc1 19. Qxc1 Bh6 20. Nxf7 Qxf7 21. Qc7 Nhf6 22. Qxb7 g5 23. Qxa6 Ne4 24. Bc1 Ndf6 25. a4 Nc3 26. Qc8+ Kg7 27. Qxc3 f4 28. exf4 gxf4 29. g4 Qg6 30. a5 Ne4 31. Bxe4 Qxe4 32. f3 Qg6 33. b4 Qg5 34. Qc7+ Kg6 35. Qe5 1-0

[Event "San Sebastian Primavera de Gros 4th"]
[Site "San Sebastian"]
[Date "2008.05.10"]
[Round "2"]
[White "Neira Garcia, Manuel"]
[Black "Cantabrana Garona, Alejandro"]
[Result "0-1"]
[WhiteElo "2002"]
[BlackElo "1823"]
[PlyCount "92"]
[EventDate "2008.05.03"]
[EventType "swiss"]
[EventRounds "7"]
[EventCountry "ESP"]
[SourceTitle "EXT 2009"]
[Source "ChessBase"]
[SourceDate "2008.11.26"]
[SourceVersion "1"]
[SourceVersionDate "2008.11.26"]
[SourceQuality "1"]

1. e4 c5 2. Nf3 e6 3. d4 cxd4 4. Nxd4 Nf6 5. Nc3 a6 6. e5 Ng8 7. Be3 d5 8. Bd3 Ne7 9. 0-0 Nec6 10. f4 Bc5 11. Be2 Nxd4 12. Bxd4 Bxd4+ 13. Qxd4 Nc6 14. Qf2 b5 15. Qc5 Bd7 16. Bxb5 axb5 17. Nxb5 Ra5 18. a4 Qe7 19. Nd6+ Kf8 20. Qb6 Qd8 21. Qf2 Qa8 22. Qh4 Rxa4 23. Rxa4 Qxa4 24. c3 Ne7 25. Qh5 Be8 26. g4 f5 27. Qg5 h6 28. Qh4 Bg6 29. b4 Qa7+ 30. Rf2 fxg4 31. b5 Qa1+ 32. Rf1 Qxc3 33. Qxg4 Qe3+ 34. Rf2 Bf5 35. Qh4 Qe1+ 36. Kg2 Be4+ 37. Nxe4 Qxe4+ 38. Kg1 Qb1+ 39. Kg2 Qxb5 40. Ra2 Qb7 41. Qf2 d4+ 42. Kh3 Nf5 43. Ra4 Kf7 44. Qe2 Rc8 45. Kg4 Rc3 46. Ra5 Kg6 0-1

[Event "San Sebastian op 31st"]
[Site "San Sebastian"]
[Date "2008.03.16"]
[Round "1"]
[White "Cantabrana Garona, Alejandro"]
[Black "Bellia, Fabrizio"]
[Result "0-1"]
[WhiteElo "1815"]
[BlackElo "2405"]
[PlyCount "30"]
[EventDate "2008.03.16"]
[EventType "swiss"]
[EventRounds "9"]
[EventCountry "ESP"]
[SourceTitle "CBM 123 Extra"]
[Source "ChessBase"]
[SourceDate "2008.05.06"]
[SourceVersion "1"]
[SourceVersionDate "2008.05.06"]
[SourceQuality "1"]

1. Nf3 d5 2. g3 Nf6 3. Bg2 g6 4. b3 Bg7 5. Bb2 c5 6. c4 d4 7. d3 Nc6 8. 0-0 0-0 9. e4 dxe3 10. fxe3 Nb4 11. Ne1 Bh6 12. Bc1 Ng4 13. Qe2 Bg7 14. Bb2 Bxb2 15. Qxb2 Nxd3 0-1

[Event "San Sebastian op 30th"]
[Site "San Sebastian"]
[Date "2007.04.06"]
[Round "7"]
[White "Cantabrana Garona, Alejandro"]
[Black "Perez Cameselle, Francisco Jose"]
[Result "0-1"]
[WhiteElo "1853"]
[BlackElo "2003"]
[PlyCount "78"]
[EventDate "2007.04.01"]
[EventType "swiss"]
[EventRounds "9"]
[EventCountry "ESP"]
[SourceTitle "CBM 117 Extra"]
[Source "ChessBase"]
[SourceDate "2007.05.09"]
[SourceVersion "1"]
[SourceVersionDate "2007.05.09"]
[SourceQuality "1"]

1. c4 Nf6 2. Nc3 g6 3. g3 Bg7 4. Bg2 d6 5. Nf3 0-0 6. 0-0 e5 7. d3 Re8 8. Nd2 c6 9. Rb1 a5 10. a3 Be6 11. b4 axb4 12. axb4 Nbd7 13. b5 d5 14. bxc6 bxc6 15. Qc2 Qe7 16. Rb7 Reb8 17. Qb3 Qd6 18. cxd5 cxd5 19. Rxb8+ Rxb8 20. Qa3 Qc7 21. Bb2 Bf8 22. Qa1 d4 23. Nce4 Nxe4 24. Nxe4 Qc2 25. Ba3 Qxe2 26. Bxf8 Kxf8 27. Ng5 Qxd3 28. Be4 Qc3 29. Qa7 Rd8 30. f4 Kg7 31. Nxe6+ fxe6 32. Bg2 d3 33. fxe5 Qc5+ 34. Qxc5 Nxc5 35. Rd1 g5 36. g4 Rd4 37. Bf3 Nd7 38. Re1 d2 39. Rd1 Nxe5 0-1

[Event "San Sebastian op 30th"]
[Site "San Sebastian"]
[Date "2007.04.05"]
[Round "5"]
[White "Wlogalski, Olivier"]
[Black "Cantabrana Garona, Alejandro"]
[Result "1-0"]
[WhiteElo "2016"]
[BlackElo "1853"]
[PlyCount "105"]
[EventDate "2007.04.01"]
[EventType "swiss"]
[EventRounds "9"]
[EventCountry "ESP"]
[SourceTitle "CBM 117 Extra"]
[Source "ChessBase"]
[SourceDate "2007.05.09"]
[SourceVersion "1"]
[SourceVersionDate "2007.05.09"]
[SourceQuality "1"]

1. b3 Nf6 2. Bb2 e6 3. e3 c5 4. f4 d5 5. Nf3 a6 6. a4 Nc6 7. Be2 Be7 8. 0-0 0-0 9. Ne5 Nxe5 10. Bxe5 Nd7 11. Bb2 f5 12. Rf3 Bf6 13. d4 Qb6 14. a5 Qa7 15. Kh1 b5 16. axb6 Qxb6 17. Nc3 Bb7 18. Na4 Qc7 19. Rh3 cxd4 20. Bxd4 Bxd4 21. Qxd4 Qxc2 22. Bd3 Qc7 23. Rg3 Rf6 24. b4 e5 25. fxe5 Qxe5 26. Nc5 Qxd4 27. exd4 Nxc5 28. bxc5 Kf7 29. Re3 Re8 30. Rxe8 Kxe8 31. Rb1 Bc8 32. Re1+ Kd7 33. Kg1 g6 34. Kf2 Re6 35. Rxe6 Kxe6 36. Ke3 g5 37. Kd2 h5 38. g3 Kf6 39. Ke3 a5 40. Bb5 Ke7 41. Kd3 Kd8 42. Ke3 Bd7 43. c6 Be8 44. h4 gxh4 45. c7+ Kxc7 46. Bxe8 h3 47. Kf2 Kd8 48. Bxh5 a4 49. Bd1 a3 50. Bb3 Ke7 51. Bxd5 Kd6 52. Ba2 Kc6 53. Kg1 1-0